Proceso de análisis y mejoramiento de canales erosionables
में बचाया:
| मुख्य लेखक: | |
|---|---|
| स्वरूप: | पुस्तक |
| भाषा: | Spanish |
| प्रकाशित: |
[San José , Costa Rica]
1986
|
| विषय: | |
| टैग: |
टैग जोड़ें
कोई टैग नहीं, इस रिकॉर्ड को टैग करने वाले पहले व्यक्ति बनें!
|
MARC
| LEADER | 00000nam a2200000Ia 4500 | ||
|---|---|---|---|
| 003 | 004051 | ||
| 005 | 20221231144357.0 | ||
| 008 | 140114s1986 cr a m 000 ||spa d | ||
| 040 | |c cru CEDI | ||
| 090 | |a TFG 1819 | ||
| 100 | |a Corrales Xatruch, Marco Vinicio |9 14259 | ||
| 245 | |a Proceso de análisis y mejoramiento de canales erosionables | ||
| 260 | |c 1986 |a [San José , Costa Rica] | ||
| 300 | |a ii, [147] hojas : ilustraciones ; 28 cm | ||
| 500 | |a Tesis (licenciatura en ingenieria civil)--Universidad de Costa Rica. Facultad de Ingeniería. Escuela de Ingenieria Civil | ||
| 650 | |x CANALES - DISEÑO Y CONSTRUCCION |9 14260 | ||
| 942 | |c TFG | ||
| 999 | |c 20964 |d 20964 | ||
